Estados Financieros Bs̀icos

Detalles Bibliográficos
Autor principal: Romǹ Fuentes, Juan Carlos
Formato: eBook
Lenguaje:español
Publicado: Mx̌ico DF: Ediciones Fiscales ISEF, 2015
Materias:
Acceso en línea:Acceso restringido

MARC

LEADER 00000nam a22000007a 4500
005 20150301191214.0
007 cr|||| ||||
008 150301s2015 mx |||||s|||| 00||0 spa d
020 |a 978-607-406-710-1 
035 |a 12614 
040 |a vLex 
090 |c 5364  |d 5364 
100 1 |a Romǹ Fuentes, Juan Carlos 
245 1 0 |a Estados Financieros Bs̀icos  |h [Recurso electrn̤ico] /  |c Juan Carlos Romǹ Fuentes 
256 |a Servicio en ln̕ea 
260 |a Mx̌ico DF:  |b Ediciones Fiscales ISEF,  |c 2015 
300 |a 1 recurso electrn̤ico 
506 1 |a Disponible solo en los productos indicados  |d vLex Global  |d vLex Global (Academic Edition, excluding Law Schools)  |d vLex Global (U.S. Academic Edition, Law Schools)  |d vLex Global (U.S. Academic Edition, excluding Law Schools)  |d vLex Global (Academic Edition, Law Schools) 
650 0 4 |a Derecho Financiero  |z Mx̌ico 
740 0 |a vLex Libros (Servicio en ln̕ea) 
856 4 0 |u http://vlex.com/source/estados-financieros-basicos-12614  |z Acceso restringido 
942 |c BOOK 
999 0 |a Financial Law